000 00461nam a2200169Ia 4500
008 090711s9999 xx 000 0 und d
082 _b65112
100 _aबांदोडकर व. पु.
245 _aनम्रता
260 _c1989
300 _a175
600 _aबांदोडकर व. पु.
630 _aनम्रता
700 _aबांदोडकर व. पु.
730 _aनम्रता
942 _cBOOK
999 _c297840
_d297840